[Event "Cambridge op 3rd"]
[Site "Cambridge"]
[Date "2025.05.29"]
[Round "6"]
[White "Botteley, Michael T"]
[Black "Brewer, Callum D"]
[Result "0-1"]
[WhiteElo "1947"]
[BlackElo "2154"]
[PlyCount "70"]
[EventDate "2025.05.26"]
[EventType "tourn"]
[EventRounds "9"]
[EventCountry "ENG"]
[SourceTitle "CB23_2025"]
[SourceDate "2025.06.04"]
[SourceVersion "1"]
[SourceVersionDate "2025.06.04"]
[SourceQuality "1"]

1. c4 e6 2. g3 d5 3. Bg2 dxc4 4. Qa4+ Nd7 5. Qxc4 a6 6. Qc2 c5 7. d3 Ngf6 8. Nf3 b5 9. 0-0 Bb7 10. a4 Be7 11. Bd2 0-0 12. Na3 Qb6 13. Rfc1 Bc6 14. Ne1 Rfc8 15. Bxc6 Qxc6 16. axb5 axb5 17. Qb3 Rab8 18. Nac2 c4 19. Nb4 Bxb4 20. Qxb4 Nd5 21. Qa3 Ra8 22. Ba5 Qb7 23. dxc4 bxc4 24. e4 N5f6 25. f3 Ra6 26. b3 cxb3 27. Rxc8+ Qxc8 28. Kg2 Qc5 29. Qxc5 Nxc5 30. Bc3 Rxa1 31. Bxa1 Nfd7 32. Kf2 Nb6 33. Ke2 Nc4 34. Nd3 Nxd3 35. Kxd3 b2 0-1

[Event "Bedford e2e4 U2000"]
[Site "Bedford"]
[Date "2013.09.22"]
[Round "5"]
[White "Lawson, Maurice Elliot"]
[Black "Botteley, Michael T"]
[Result "0-1"]
[WhiteElo "1922"]
[BlackElo "1867"]
[PlyCount "126"]
[EventDate "2013.09.20"]
[EventType "swiss"]
[EventRounds "5"]
[EventCountry "ENG"]
[SourceTitle "EXT 2023"]
[Source "ChessBase"]
[SourceDate "2022.10.05"]
[SourceVersion "1"]
[SourceVersionDate "2022.10.05"]
[SourceQuality "1"]

1. e4 c5 2. Nc3 Nc6 3. g3 g6 4. d3 Bg7 5. Be3 d6 6. Qd2 Nd4 7. Nd1 Nf6 8. c3 Nc6 9. Bh6 0-0 10. Bxg7 Kxg7 11. Bg2 d5 12. exd5 Nxd5 13. Ne3 Be6 14. Ne2 Qd7 15. 0-0 Rfd8 16. Rfd1 Rac8 17. d4 cxd4 18. Nxd4 Nb6 19. Qe2 Nxd4 20. Rxd4 Qc7 21. Qd2 Nc4 22. Nxc4 Bxc4 23. Rd1 Rxd4 24. Qxd4+ e5 25. Qxa7 Rd8 26. Re1 Rd2 27. b3 Ba6 28. Qe3 Rd3 29. Qe4 Qxc3 30. Bf1 f5 31. Qh4 Rd7 32. Rd1 Qc6 33. Rxd7+ Qxd7 34. Bxa6 bxa6 35. Qc4 Qd1+ 36. Kg2 Qd6 37. b4 g5 38. a4 g4 39. h3 Qd1 40. hxg4 fxg4 41. Qc7+ Kf8 42. Qc5+ Kf7 43. Qc4+ Kg7 44. Qe4 Qxa4 45. Qxe5+ Kf7 46. Qf5+ Ke8 47. Qxg4 Kf8 48. Qf5+ Ke8 49. Qg4 Kf8 50. Qc4 Kg7 51. Qd4+ Kf7 52. g4 Qb5 53. Kg3 Kg8 54. f4 Qf1 55. Kh4 Qb5 56. Qd8+ Kf7 57. Qd4 Qb7 58. Qc4+ Kg7 59. Qd4+ Kf7 60. Kh5 Qh1+ 61. Kg5 h6+ 62. Kf5 Qc6 63. Qd8 Qe6# 0-1

[Event "Bedford e2e4 U2000"]
[Site "Bedford"]
[Date "2013.09.21"]
[Round "3"]
[White "Brocklehurst, Andrew"]
[Black "Botteley, Michael T"]
[Result "1-0"]
[WhiteElo "1960"]
[BlackElo "1867"]
[PlyCount "94"]
[EventDate "2013.09.20"]
[EventType "swiss"]
[EventRounds "5"]
[EventCountry "ENG"]
[SourceTitle "EXT 2023"]
[Source "ChessBase"]
[SourceDate "2022.10.05"]
[SourceVersion "1"]
[SourceVersionDate "2022.10.05"]
[SourceQuality "1"]

1. e4 b6 2. Nf3 Bb7 3. Nc3 e6 4. a3 c5 5. d4 cxd4 6. Nxd4 Nc6 7. Ndb5 d6 8. Bf4 e5 9. Nd5 Rc8 10. Be3 Nf6 11. Be2 Nxd5 12. exd5 Ne7 13. Nxa7 Nxd5 14. Bb5+ Ke7 15. Nxc8+ Qxc8 16. Qd2 Nxe3 17. Qxe3 Qxc2 18. Rc1 Qe4 19. Qxe4 Bxe4 20. 0-0 g6 21. Rfe1 Bf5 22. Rc7+ Kf6 23. Rec1 Bh6 24. R1c6 Rd8 25. Bc4 Be6 26. Bxe6 fxe6 27. Rxb6 e4 28. Rxh7 Rc8 29. Kf1 Bf4 30. g3 Be5 31. Rbb7 Bd4 32. Rhc7 Rf8 33. Kg2 Ke5 34. Rc2 d5 35. a4 e3 36. fxe3 Bxe3 37. b4 d4 38. Rd7 Ke4 39. b5 Ra8 40. Rc4 Kd3 41. Rc6 Rxa4 42. Rxe6 Ke2 43. b6 Rb4 44. b7 d3 45. Re8 Kd1 46. Rxe3 d2 47. Red3 Kc2 1-0

[Event "Bedford e2e4 U2000"]
[Site "Bedford"]
[Date "2013.09.20"]
[Round "1"]
[White "Bennett, Dominic"]
[Black "Botteley, Michael T"]
[Result "0-1"]
[WhiteElo "1988"]
[BlackElo "1867"]
[PlyCount "64"]
[EventDate "2013.09.20"]
[EventType "swiss"]
[EventRounds "5"]
[EventCountry "ENG"]
[SourceTitle "EXT 2023"]
[Source "ChessBase"]
[SourceDate "2022.10.05"]
[SourceVersion "1"]
[SourceVersionDate "2022.10.05"]
[SourceQuality "1"]

1. d4 Nf6 2. Nf3 g6 3. c4 Bg7 4. g3 d6 5. Bg2 0-0 6. 0-0 Nbd7 7. Nc3 c6 8. b3 Re8 9. Qc2 a6 10. a4 e5 11. Bb2 e4 12. Ng5 d5 13. f3 Bh6 14. Bc1 e3 15. Nh3 Nf8 16. cxd5 cxd5 17. Qb2 Ne6 18. Rd1 Bd7 19. f4 Ng7 20. Ng5 Bc6 21. Nf3 Nf5 22. b4 Ng4 23. b5 axb5 24. axb5 Rxa1 25. Qxa1 Bd7 26. Qa7 Bc8 27. Qc5 Be6 28. Na4 Qa5 29. Nb6 Bf8 30. Qc7 Qxb5 31. Nxd5 Bxd5 32. Ne5 Qxe2 0-1

[Event "Hampstead op U2200 03"]
[Site "Hampstead"]
[Date "2013.03.16"]
[Round "2"]
[White "Jyothilal, Narayanan"]
[Black "Botteley, Michael T"]
[Result "1-0"]
[WhiteElo "2066"]
[BlackElo "1918"]
[PlyCount "75"]
[EventDate "2013.03.16"]
[EventType "swiss"]
[EventRounds "5"]
[EventCountry "ENG"]
[SourceTitle "EXT 2014"]
[Source "ChessBase"]
[SourceDate "2013.11.20"]
[SourceVersion "1"]
[SourceVersionDate "2013.11.20"]
[SourceQuality "1"]

1. d4 e6 2. Nf3 Nf6 3. c4 Bb4+ 4. Bd2 Bxd2+ 5. Qxd2 d5 6. g3 c6 7. Bg2 0-0 8. 0-0 Nbd7 9. Qc2 Re8 10. Nbd2 e5 11. cxd5 Nxd5 12. e4 N5b6 13. Rad1 Qe7 14. Rfe1 exd4 15. Nxd4 Qc5 16. N2b3 Qxc2 17. Nxc2 a5 18. Ne3 a4 19. Nd4 g6 20. f4 Nc5 21. e5 Ne6 22. Ng4 Kg7 23. Nf6 Rd8 24. Nf3 Ra5 25. Bf1 Rxd1 26. Rxd1 Rc5 27. Bd3 Kf8 28. Nd2 Nd5 29. Nde4 a3 30. Nxc5 Nxc5 31. bxa3 Nc3 32. Rd2 Be6 33. Bc2 Ke7 34. Bb3 Nb1 35. Rc2 Nd3 36. Bxe6 Kxe6 37. a4 c5 38. a5 1-0

[Event "Hampstead op U2200 02"]
[Site "Hampstead"]
[Date "2013.02.16"]
[Round "2"]
[White "Botteley, Michael T"]
[Black "Hung, Jake"]
[Result "1-0"]
[WhiteElo "1986"]
[BlackElo "1637"]
[PlyCount "81"]
[EventDate "2013.02.16"]
[EventType "swiss"]
[EventRounds "5"]
[EventCountry "ENG"]
[SourceTitle "EXT 2014"]
[Source "ChessBase"]
[SourceDate "2013.11.20"]
[SourceVersion "1"]
[SourceVersionDate "2013.11.20"]
[SourceQuality "1"]

1. d4 d5 2. Nf3 c6 3. e3 Bf5 4. Nbd2 Nf6 5. Be2 e6 6. 0-0 Be7 7. b3 0-0 8. Bb2 Nbd7 9. c4 b6 10. Rc1 c5 11. Ne5 Rc8 12. f4 Ne4 13. g4 Nxd2 14. Qxd2 Be4 15. Rcd1 f6 16. Nf3 f5 17. g5 h6 18. h4 Kh7 19. Rf2 g6 20. Qc3 Rg8 21. Nd2 Qf8 22. Nxe4 fxe4 23. Bg4 cxd4 24. exd4 Bb4 25. Qe3 Re8 26. cxd5 Qf7 27. dxe6 Rxe6 28. f5 Rf6 29. fxg6+ Qxg6 30. Bxd7 Rgf8 31. Rdf1 Rxf2 32. Rxf2 Rxf2 33. Qxf2 Kg8 34. Qf6 Qxf6 35. gxf6 Kf7 36. d5 a5 37. Be6+ Kf8 38. Kg2 Bc5 39. Be5 Ke8 40. Bf4 h5 41. f7+ 1-0